[Event "Junior Online 4NCL Division 4"]
[Site "online"]
[Date "2021.09.02"]
[EventDate "2021.09.02"]
[Round "2.71"]
[White "Lipman, Zak"]
[WhiteElo "1127"]
[WhiteTeam "Leeds Juniors 4"]
[Black "Nikolov, Alexander"]
[BlackElo "1396"]
[BlackTeam "Desert Penguins Neptune"]
[Result "0-1"]
[PlyCount "74"]

1. d4 d5 2. Nf3 e6 3. g3 Nf6 4. Bg2 Be7 5. O-O O-O 6. c4 Nbd7 7. a4 b6 8. Qe1 Bb7 9. b4 dxc4 10. Nbd2 Bxb4 11. Ba3 Bxa3 12. Rxa3 Bd5 13. Ne5 Bxg2 14. Kxg2 Nxe5 15. dxe5 Ng4 16. Nxc4 Qd5+ 17. f3 Qxc4 18. fxg4 Qxg4 19. Rf4 Qg5 20. Qc3 c5 21. Ra1 Rfd8 22. Raf1 Rd7 23. R1f2 Rad8 24. h4 Qg6 25. Qf3 a6 26. Rg4 Qh6 27. Rf4 Rf8 28. Qc6 Rd4 29. Qxb6 Rxf4 30. Rxf4 Qh5 31. Qxc5 Qxe2+ 32. Kh3 Qd3 33. Qb6 Qe2 34. a5 Qxe5 35. Qxa6 Qa1 36. Qa7 f5 37. Qd7 Qh1# 0-1

[Event "Junior Online 4NCL Division 4"]
[Site "online"]
[Date "2021.09.02"]
[EventDate "2021.09.02"]
[Round "2.72"]
[White "Turakulov, Farid"]
[WhiteElo "1361"]
[WhiteTeam "Desert Penguins Neptune"]
[Black "Elsabbagh, Ahmed"]
[BlackElo "1123"]
[BlackTeam "Leeds Juniors 4"]
[Result "1-0"]
[PlyCount "111"]

1. e4 e6 2. d4 d5 3. e5 c5 4. Bb5+ Nc6 5. Bxc6+ bxc6 6. dxc5 Bxc5 7. Nf3 Ne7 8. O-O Nf5 9. Qe2 O-O 10. Nc3 a5 11. Na4 Ba6 12. Qe1 Bxf1 13. Qxf1 Be7 14. b3 f6 15. Qd3 fxe5 16. Nxe5 Qd6 17. Nf3 Bf6 18. Rb1 Qd7 19. Nb6 Qe7 20. Nxa8 Rxa8 21. g3 e5 22. Qxf5 e4 23. Ng5 Bxg5 24. Bxg5 Qf7 25. Qxf7+ Kxf7 26. Bf4 Ke6 27. Rd1 Re8 28. a4 Kd7 29. Be3 Kc7 30. Bd4 g6 31. h4 Rg8 32. Be3 Re8 33. Bf4+ Kb7 34. Be3 Rg8 35. Rb1 Kc8 36. Bb6 Kd7 37. Bxa5 Re8 38. Bb6 Kd6 39. Be3 c5 40. a5 d4 41. Bf4+ Kd5 42. Bc7 e3 43. fxe3 Rxe3 44. Kf2 Re7 45. Bb6 Rf7+ 46. Ke2 Re7+ 47. Kd3 Re3+ 48. Kd2 Rxg3 49. a6 Rg2+ 50. Kd3 Rg3+ 51. Kd2 Rg2+ 52. Kc1 Kc6 53. a7 Kxb6 54. a8=Q Rg1+ 55. Kb2 Rg2 56. Qxg2 1-0

[Event "Junior Online 4NCL Division 4"]
[Site "online"]
[Date "2021.09.02"]
[EventDate "2021.09.02"]
[Round "2.73"]
[White "Vyas, Miraya"]
[WhiteElo "1053"]
[WhiteTeam "Leeds Juniors 4"]
[Black "Donati Plutino, Francesco Rodolfo"]
[BlackElo "1074"]
[BlackTeam "Desert Penguins Neptune"]
[Result "1-0"]
[PlyCount "111"]

1. e4 c5 2. d4 cxd4 3. Qxd4 d6 4. Bb5+ Bd7 5. Nc3 Nc6 6. Bxc6 Bxc6 7. Be3 Nf6 8. Nf3 e6 9. O-O Be7 10. Rad1 O-O 11. Nd2 Qc7 12. Nb3 Rfd8 13. h3 h6 14. a4 a5 15. Nb5 Bxb5 16. axb5 Qxc2 17. Na1 Qc8 18. Rc1 Qd7 19. Rfd1 Qxb5 20. Nc2 e5 21. Qd2 Qxb2 22. Rb1 Nxe4 23. Rxb2 Nxd2 24. Rxd2 d5 25. Rxb7 Bf6 26. Bb6 Rd6 27. Bc7 Rd7 28. Ne3 Rc8 29. Rc2 e4 30. Bxa5 Rxc2 31. Rxd7 Rc1+ 32. Kh2 Be5+ 33. g3 d4 34. Nd5 Ra1 35. Ne7+ Kh7 36. Bb6 e3 37. fxe3 Ra2+ 38. Kg1 Bxg3 39. exd4 Ra1+ 40. Kg2 Ra3 41. Nf5 Be1 42. d5 Ra2+ 43. Kf1 Bc3 44. d6 Ra1+ 45. Ke2 Ra2+ 46. Kd3 Bb2 47. Rxf7 Ra3+ 48. Kc2 Kg6 49. Rf8 Be5 50. d7 Rc3+ 51. Kd2 Bf4+ 52. Kxc3 Be5+ 53. Kc4 Kg5 54. d8=Q+ Kf4 55. Nxg7+ Ke4 56. Qd5# 1-0

[Event "Junior Online 4NCL Division 4"]
[Site "online"]
[Date "2021.09.02"]
[EventDate "2021.09.02"]
[Round "2.74"]
[White "Mourat, Emil"]
[WhiteElo "813"]
[WhiteTeam "Desert Penguins Neptune"]
[Black "Caden, Eleanor"]
[BlackElo "979"]
[BlackTeam "Leeds Juniors 4"]
[Result "0-1"]
[PlyCount "44"]

1. d4 Nc6 2. c4 e6 3. Nc3 Nf6 4. Bg5 Be7 5. Nf3 O-O 6. e3 h6 7. Bh4 d5 8. h3 Ne4 9. Bd3 Bxh4 10. Nxh4 Qxh4 11. O-O Nxc3 12. bxc3 e5 13. f4 exf4 14. Rxf4 Qg3 15. Rg4 Bxg4 16. hxg4 Rae8 17. Bc2 Rxe3 18. Qd2 Rfe8 19. Kf1 Qxg4 20. Bd1 Qf4+ 21. Kg1 Re1+ 22. Qxe1 Rxe1# 0-1

[Event "Junior Online 4NCL Division 4"]
[Site "online"]
[Date "2021.09.02"]
[EventDate "2021.09.02"]
[Round "2.75"]
[White "Nikolov, Alexander"]
[WhiteElo "1396"]
[WhiteTeam "Desert Penguins Neptune"]
[Black "Lipman, Zak"]
[BlackElo "1127"]
[BlackTeam "Leeds Juniors 4"]
[Result "1-0"]
[PlyCount "27"]

1. d4 f5 2. c4 Nf6 3. Nc3 g6 4. Bg5 Bg7 5. Nf3 O-O 6. e3 h6 7. Bxf6 Bxf6 8. Bd3 d6 9. O-O c5 10. Nd5 Bg7 11. Qe2 Nc6 12. dxc5 dxc5 13. Rfd1 Bxb2 14. Qxb2 1-0

[Event "Junior Online 4NCL Division 4"]
[Site "online"]
[Date "2021.09.02"]
[EventDate "2021.09.02"]
[Round "2.76"]
[White "Elsabbagh, Ahmed"]
[WhiteElo "1123"]
[WhiteTeam "Leeds Juniors 4"]
[Black "Turakulov, Farid"]
[BlackElo "1361"]
[BlackTeam "Desert Penguins Neptune"]
[Result "1-0"]
[PlyCount "51"]

1. e4 e5 2. Nf3 Nc6 3. Bb5 a6 4. Ba4 b5 5. Bb3 d6 6. O-O Nf6 7. Nc3 Qe7 8. Nd5 Nxd5 9. Bxd5 Bb7 10. d4 Nd8 11. dxe5 Bxd5 12. exd5 dxe5 13. Nxe5 Qd6 14. Bf4 Qf6 15. Re1 Be7 16. Qg4 O-O 17. Nd7 Qd4 18. Nxf8 Kxf8 19. Rad1 Qb4 20. Qe2 Nb7 21. Bxc7 Re8 22. d6 Nxd6 23. Bxd6 Qh4 24. Bxe7+ Rxe7 25. Rd8+ Re8 26. Qxe8# 1-0

[Event "Junior Online 4NCL Division 4"]
[Site "online"]
[Date "2021.09.02"]
[EventDate "2021.09.02"]
[Round "2.77"]
[White "Donati Plutino, Francesco Rodolfo"]
[WhiteElo "1074"]
[WhiteTeam "Desert Penguins Neptune"]
[Black "Vyas, Miraya"]
[BlackElo "1053"]
[BlackTeam "Leeds Juniors 4"]
[Result "0-1"]
[PlyCount "32"]

1. d4 d5 2. c4 dxc4 3. e3 Nf6 4. Bxc4 e6 5. Nc3 Nc6 6. Nf3 Bd6 7. O-O O-O 8. Bd2 e5 9. d5 Nb4 10. Bc1 e4 11. Nd2 Qe7 12. a3 Nd3 13. Bxd3 exd3 14. e4 Qe5 15. Re1 Qxh2+ 16. Kf1 Qh1# 0-1

[Event "Junior Online 4NCL Division 4"]
[Site "online"]
[Date "2021.09.02"]
[EventDate "2021.09.02"]
[Round "2.78"]
[White "Caden, Eleanor"]
[WhiteElo "979"]
[WhiteTeam "Leeds Juniors 4"]
[Black "Mourat, Emil"]
[BlackElo "813"]
[BlackTeam "Desert Penguins Neptune"]
[Result "0-1"]
[PlyCount "58"]

1. e4 c5 2. Nc3 d6 3. Nf3 e6 4. Bc4 Nc6 5. O-O Nf6 6. d3 Be7 7. Bg5 O-O 8. Qd2 h6 9. Bxh6 Ng4 10. Bf4 e5 11. Be3 Nxe3 12. Qxe3 Nd4 13. Nxd4 cxd4 14. Qg3 dxc3 15. bxc3 Qa5 16. f4 Qxc3 17. Bb3 d5 18. fxe5 dxe4 19. Qf4 Bc5+ 20. Kh1 e3 21. Bxf7+ Rxf7 22. Qxf7+ Kh7 23. Rf3 Qxa1+ 24. Rf1 Qxe5 25. Rf3 e2 26. Rh3+ Bxh3 27. gxh3 e1=Q+ 28. Kg2 Qg5+ 29. Kf3 Qee3# 0-1

[Event "Junior Online 4NCL Division 4"]
[Site "online"]
[Date "2021.09.02"]
[EventDate "2021.09.02"]
[Round "2.82"]
[White "Sewell, John"]
[WhiteElo "1150"]
[WhiteTeam "Staffordshire Oatcakes"]
[Black "Li, Harvey"]
[BlackElo "1280"]
[BlackTeam "London Dragons Beryllium"]
[Result "1-0"]
[PlyCount "35"]

1. d4 d5 2. Nf3 Bf5 3. c4 c5 4. g3 Nc6 5. cxd5 Qxd5 6. Nc3 Qd8 7. d5 Nb4 8. e4 Bg4 9. Bb5+ Bd7 10. Bxd7+ Qxd7 11. a3 Na6 12. Ne5 Qd6 13. Bf4 Qb6 14. Qa4+ Qc6 15. dxc6 O-O-O 16. cxb7+ Kxb7 17. Qc6+ Kb8 18. Nd7# 1-0

[Event "Junior Online 4NCL Division 4"]
[Site "online"]
[Date "2021.09.02"]
[EventDate "2021.09.02"]
[Round "2.83"]
[White "Liu, Zhengzheng"]
[WhiteElo "1290"]
[WhiteTeam "London Dragons Beryllium"]
[Black "Birch, Cade"]
[BlackElo "1100"]
[BlackTeam "Staffordshire Oatcakes"]
[Result "1-0"]
[PlyCount "47"]

1. e4 c5 2. Nf3 Nc6 3. d4 cxd4 4. Nxd4 Nf6 5. Nc3 e5 6. Nb3 Bc5 7. Bc4 Bb4 8. Qd3 Bxc3+ 9. bxc3 O-O 10. O-O b6 11. Be3 Bb7 12. f3 d6 13. Rad1 Qc8 14. Nd2 Rd8 15. Bb3 d5 16. exd5 Nxd5 17. Bxd5 Nb4 18. Bxb7 Nxd3 19. Bxc8 Raxc8 20. cxd3 Rxd3 21. Ne4 Rxe3 22. Kf2 Rxe4 23. fxe4 Rxc3 24. Rd8# 1-0

[Event "Junior Online 4NCL Division 4"]
[Site "online"]
[Date "2021.09.02"]
[EventDate "2021.09.02"]
[Round "2.84"]
[White "Sohi, Sehej"]
[WhiteElo "984"]
[WhiteTeam "Staffordshire Oatcakes"]
[Black "Shi, Shaoting"]
[BlackElo "1211"]
[BlackTeam "London Dragons Beryllium"]
[Result "0-1"]
[PlyCount "72"]

1. e4 c5 2. Nf3 d6 3. Bc4 Nf6 4. Nc3 g6 5. O-O Bg7 6. d3 O-O 7. Bg5 Nc6 8. Nd5 Nxd5 9. exd5 Ne5 10. Nxe5 Bxe5 11. Re1 f6 12. Bh6 Re8 13. Bb5 Bd7 14. Bxd7 Qxd7 15. h3 Bxb2 16. Rb1 Be5 17. Qf3 Rab8 18. a3 Kf7 19. Bf4 Bxf4 20. Qxf4 Kg7 21. Re4 b5 22. Qh4 a5 23. a4 b4 24. c3 bxc3 25. Rxb8 Rxb8 26. Qf4 c2 27. Qe3 Rb1+ 28. Kh2 c1=Q 29. Rxe7+ Qxe7 30. Qxe7+ Kh6 31. Qf8+ Kg5 32. h4+ Kg4 33. Qc8+ f5 34. f3+ Kf4 35. g3+ Kxf3 36. Qc7 Qh1# 0-1

[Event "Junior Online 4NCL Division 4"]
[Site "online"]
[Date "2021.09.02"]
[EventDate "2021.09.02"]
[Round "2.86"]
[White "Li, Harvey"]
[WhiteElo "1280"]
[WhiteTeam "London Dragons Beryllium"]
[Black "Sewell, John"]
[BlackElo "1150"]
[BlackTeam "Staffordshire Oatcakes"]
[Result "1-0"]
[PlyCount "91"]

1. d4 Nf6 2. c4 e6 3. Nc3 c5 4. Nf3 d5 5. e3 Be7 6. Bd3 Nc6 7. O-O O-O 8. b3 cxd4 9. exd4 Bb4 10. Bd2 Re8 11. Re1 dxc4 12. Bxc4 Nxd4 13. a3 Bc5 14. b4 Bb6 15. Be3 Nxf3+ 16. Qxf3 Qc7 17. Qf4 e5 18. Qh4 h6 19. Bxb6 Qxb6 20. Nd5 Nxd5 21. Bxd5 Be6 22. Be4 Rad8 23. Rad1 Bb3 24. Rd3 Rxd3 25. Bxd3 Rd8 26. Qe4 g6 27. Bf1 Qc7 28. Qxe5 Qxe5 29. Rxe5 Rd1 30. Rc5 b6 31. Rc8+ Kg7 32. g3 Bd5 33. Rd8 Kf6 34. f4 Ke7 35. Rc8 Kd7 36. Rc3 Kd6 37. Kf2 f5 38. Ke2 Ra1 39. Rd3 Ra2+ 40. Ke3 Rxh2 41. Rd4 Kc6 42. b5+ Kd6 43. Bc4 Kc5 44. Bxd5 Re2+ 45. Kd3 Rg2 46. Bxg2 1-0

[Event "Junior Online 4NCL Division 4"]
[Site "online"]
[Date "2021.09.02"]
[EventDate "2021.09.02"]
[Round "2.87"]
[White "Birch, Cade"]
[WhiteElo "1100"]
[WhiteTeam "Staffordshire Oatcakes"]
[Black "Liu, Zhengzheng"]
[BlackElo "1290"]
[BlackTeam "London Dragons Beryllium"]
[Result "1-0"]
[PlyCount "55"]

1. c4 e5 2. Nc3 Nf6 3. Nf3 Nc6 4. g3 d6 5. Bg2 Be6 6. O-O Bxc4 7. d3 Be6 8. Bg5 Be7 9. Qd2 O-O 10. Nd5 Nxd5 11. Bxe7 Ndxe7 12. Ng5 Ng6 13. Rac1 Bd7 14. h4 h6 15. h5 Qxg5 16. Qxg5 hxg5 17. hxg6 f6 18. Bd5+ Kh8 19. Kg2 Bh3+ 20. Kxh3 Ne7 21. Be6 Nxg6 22. Kg2 Nf4+ 23. gxf4 g6 24. Rh1+ Kg7 25. Rxc7+ Rf7 26. Rxf7+ Kg8 27. Rxb7+ Kf8 28. Rh8# 1-0

[Event "Junior Online 4NCL Division 4"]
[Site "online"]
[Date "2021.09.02"]
[EventDate "2021.09.02"]
[Round "2.88"]
[White "Shi, Shaoting"]
[WhiteElo "1211"]
[WhiteTeam "London Dragons Beryllium"]
[Black "Sohi, Sehej"]
[BlackElo "984"]
[BlackTeam "Staffordshire Oatcakes"]
[Result "1-0"]
[PlyCount "71"]

1. e4 e5 2. Nf3 Nc6 3. Bc4 Bc5 4. c3 Nf6 5. d4 exd4 6. cxd4 Bb4+ 7. Nc3 Bxc3+ 8. bxc3 Nxe4 9. O-O O-O 10. Bd2 Na5 11. Bd3 Nxd2 12. Qxd2 d6 13. Bc2 Bg4 14. Qd3 g6 15. Nd2 Qg5 16. Ne4 Qh5 17. Nf6+ Kg7 18. Nxh5+ Bxh5 19. Qb5 Nc6 20. Qxb7 Na5 21. Qxc7 Nc4 22. Qxc4 Rfe8 23. Bb3 g5 24. Qd5 Re7 25. Qxg5+ Bg6 26. Qxe7 d5 27. Bxd5 Rf8 28. Qe5+ f6 29. Qe7+ Bf7 30. Rfe1 h5 31. Re3 h4 32. Re4 f5 33. Rxh4 a5 34. Bxf7 Rxf7 35. Qg5+ Kf8 36. Rh8# 1-0

[Event "Junior Online 4NCL Division 4"]
[Site "online"]
[Date "2021.09.02"]
[EventDate "2021.09.02"]
[Round "2.91"]
[White "Ganeshbabu, Adarsharun"]
[WhiteElo "1681"]
[WhiteTeam "Crowthorne Juniors"]
[Black "Bedi, Adarsh"]
[BlackElo "1365"]
[BlackTeam "Wanstead Warriors 2"]
[Result "1-0"]
[PlyCount "159"]

1. e4 e5 2. Nf3 Nc6 3. Nc3 Bc5 4. Bb5 a6 5. Ba4 Nf6 6. d3 b5 7. Bb3 O-O 8. Bg5 Be7 9. O-O d6 10. Bxf6 Bxf6 11. Nd5 Be6 12. c4 bxc4 13. dxc4 Bxd5 14. cxd5 Ne7 15. Rc1 Rc8 16. Qd3 c6 17. Qxa6 Ra8 18. Qd3 cxd5 19. Bxd5 Nxd5 20. Qxd5 Ra5 21. Qb3 d5 22. exd5 Rxd5 23. Rfd1 Rxd1+ 24. Rxd1 Qa5 25. h3 e4 26. Nh2 Be5 27. Qd5 Qxd5 28. Rxd5 Bxb2 29. Ng4 g6 30. Rb5 Bc3 31. Rb3 Ba5 32. Nf6+ Kg7 33. Nxe4 Re8 34. Ng3 Bc7 35. a4 Re1+ 36. Kh2 h5 37. Rb7 Bf4 38. Rb4 g5 39. Rxf4 gxf4 40. Nxh5+ Kg6 41. Nxf4+ Kf5 42. g3 Ra1 43. Kg2 Rxa4 44. h4 Ra2 45. Nh3 Kg4 46. Ng5 f5 47. Ne6 Kh5 48. Nf4+ Kg4 49. Nd5 Kh5 50. Ne3 Kg6 51. Kf3 Ra3 52. Kf4 Ra4+ 53. Kf3 Ra3 54. g4 fxg4+ 55. Kxg4 Ra4+ 56. f4 Ra3 57. h5+ Kh6 58. Nf5+ Kh7 59. Kg5 Ra5 60. Kg4 Kg8 61. Nh4 Kh7 62. Nf3 Kh6 63. Ng5 Ra8 64. Nf7+ Kh7 65. Ne5 Kh6 66. Kh4 Ra5 67. Ng4+ Kh7 68. Ne5 Ra4 69. Kg5 Ra8 70. f5 Re8 71. Ng6 Rg8 72. f6 Re8 73. f7 Re1 74. f8=Q Rg1+ 75. Kh4 Rh1+ 76. Kg3 Rxh5 77. Qf7+ Kh6 78. Nf4 Rg5+ 79. Kf3 Rg7 80. Qh5# 1-0

[Event "Junior Online 4NCL Division 4"]
[Site "online"]
[Date "2021.09.02"]
[EventDate "2021.09.02"]
[Round "2.92"]
[White "Mukherjee, Aradhya"]
[WhiteElo "1337"]
[WhiteTeam "Wanstead Warriors 2"]
[Black "Adhikari, Aanya"]
[BlackElo "1140"]
[BlackTeam "Crowthorne Juniors"]
[Result "1-0"]
[PlyCount "63"]

1. e4 e5 2. d4 d6 3. dxe5 dxe5 4. Qxd8+ Kxd8 5. Nf3 Nc6 6. Bb5 Bd7 7. Nc3 Nf6 8. Bg5 Be7 9. O-O-O Ng4 10. Rhf1 Bxg5+ 11. Nxg5 Ke7 12. f3 Ne3 13. Nd5+ Nxd5 14. exd5 Nd4 15. Bxd7 Kxd7 16. Nxf7 Rhf8 17. Nxe5+ Kd6 18. Ng4 Nf5 19. c4 h5 20. Nf2 Ne3 21. Ne4+ Ke7 22. Rfe1 Nxd1 23. Kxd1 Kd7 24. Nc5+ Kd6 25. Nxb7+ Kd7 26. Nc5+ Kc8 27. Re7 Rg8 28. Ne6 g6 29. Rxc7+ Kb8 30. d6 Re8 31. Nc5 Rd8 32. Na6# 1-0

[Event "Junior Online 4NCL Division 4"]
[Site "online"]
[Date "2021.09.02"]
[EventDate "2021.09.02"]
[Round "2.93"]
[White "Raj, Anrudh"]
[WhiteElo "1210"]
[WhiteTeam "Crowthorne Juniors"]
[Black "Ali, Zaki"]
[BlackElo "1268"]
[BlackTeam "Wanstead Warriors 2"]
[Result "0-1"]
[PlyCount "66"]

1. e4 c5 2. Nc3 d6 3. Nf3 Nf6 4. Bc4 e6 5. d3 Nc6 6. Bg5 Be7 7. O-O h6 8. Bh4 Nxe4 9. dxe4 Bxh4 10. Nxh4 Qxh4 11. Qxd6 Qe7 12. Qd3 Ne5 13. Qe2 O-O 14. f4 Ng6 15. f5 exf5 16. exf5 Qxe2 17. Nxe2 Ne5 18. Bb3 Re8 19. Rae1 b6 20. Bd5 Rb8 21. Nf4 Bxf5 22. Nd3 Nxd3 23. Rxe8+ Rxe8 24. cxd3 Be6 25. Bxe6 Rxe6 26. Rc1 Re2 27. b4 cxb4 28. Rc8+ Kh7 29. d4 Rxa2 30. d5 b3 31. d6 b2 32. d7 b1=Q+ 33. Rc1 Qxc1# 0-1

[Event "Junior Online 4NCL Division 4"]
[Site "online"]
[Date "2021.09.02"]
[EventDate "2021.09.02"]
[Round "2.94"]
[White "Suresh, Karun"]
[WhiteElo "1252"]
[WhiteTeam "Wanstead Warriors 2"]
[Black "De Silva, Dylan"]
[BlackElo "962"]
[BlackTeam "Crowthorne Juniors"]
[Result "0-1"]
[PlyCount "24"]

1. e4 e5 2. Nf3 Nc6 3. Bc4 Bc5 4. Ng5 Qxg5 5. Qf3 Qf6 6. Qxf6 Nxf6 7. Nc3 Nd4 8. Nb5 Bb6 9. Bb3 Nxb5 10. a4 Nd4 11. c3 Nxb3 12. O-O Nxa1 0-1

[Event "Junior Online 4NCL Division 4"]
[Site "online"]
[Date "2021.09.02"]
[EventDate "2021.09.02"]
[Round "2.95"]
[White "Bedi, Adarsh"]
[WhiteElo "1365"]
[WhiteTeam "Wanstead Warriors 2"]
[Black "Ganeshbabu, Adarsharun"]
[BlackElo "1681"]
[BlackTeam "Crowthorne Juniors"]
[Result "0-1"]
[PlyCount "122"]

1. e4 c5 2. Nf3 Nc6 3. d4 cxd4 4. Nxd4 Nf6 5. Nc3 e5 6. Nxc6 bxc6 7. Bg5 Be7 8. Bc4 O-O 9. Bxf6 Bxf6 10. O-O Rb8 11. Rb1 d6 12. Re1 Be6 13. Bxe6 fxe6 14. b3 d5 15. exd5 exd5 16. Na4 e4 17. c4 Rb7 18. Nc5 Re7 19. cxd5 cxd5 20. f3 exf3 21. Rxe7 Qxe7 22. Qxd5+ Kh8 23. Ne6 Re8 24. Re1 fxg2 25. Kxg2 Bh4 26. Re4 Qf6 27. Re2 h6 28. Re4 Qf2+ 29. Kh3 Bf6 30. Rf4 Qe3+ 31. Rf3 Qxe6+ 32. Qxe6 Rxe6 33. Rd3 Kg8 34. a4 Rb6 35. Re3 Rc6 36. Re8+ Kf7 37. Ra8 Rc3+ 38. Kg2 Rxb3 39. Rxa7+ Kg6 40. a5 Rb2+ 41. Kg3 Ra2 42. Kf3 h5 43. Ke4 Rxh2 44. Kd5 Ra2 45. Kc6 Kf5 46. a6 g5 47. Kb6 Bd4+ 48. Kb7 Bxa7 49. Kxa7 h4 50. Kb7 h3 51. a7 h2 52. a8=Q Rxa8 53. Kxa8 h1=Q+ 54. Kb8 Qc6 55. Ka7 Qb5 56. Ka8 g4 57. Ka7 g3 58. Ka8 Ke6 59. Ka7 Kd7 60. Ka8 Kc7 61. Ka7 Qb7# 0-1

[Event "Junior Online 4NCL Division 4"]
[Site "online"]
[Date "2021.09.02"]
[EventDate "2021.09.02"]
[Round "2.96"]
[White "Adhikari, Aanya"]
[WhiteElo "1140"]
[WhiteTeam "Crowthorne Juniors"]
[Black "Mukherjee, Aradhya"]
[BlackElo "1337"]
[BlackTeam "Wanstead Warriors 2"]
[Result "0-1"]
[PlyCount "62"]

1. e4 e5 2. Nf3 Nf6 3. Nxe5 Nc6 4. Nxc6 dxc6 5. Nc3 Bc5 6. Bc4 Ng4 7. d4 Bxd4 8. Rf1 Bxc3+ 9. bxc3 Qxd1+ 10. Kxd1 Nxh2 11. Rh1 Ng4 12. Ke2 O-O 13. f3 Nf6 14. Bd3 Be6 15. e5 Nd5 16. Bxh7+ Kh8 17. Ba3 Rfd8 18. Bd3+ Kg8 19. Rh2 f6 20. Bg6 Nf4+ 21. Kf2 Nxg6 22. exf6 gxf6 23. Re1 Bxa2 24. Rh3 Rd2+ 25. Kg1 Rxc2 26. Rg3 Kf7 27. Rg4 Rd8 28. f4 Rdd2 29. Kf1 Bc4+ 30. Kg1 Bd5 31. f5 Ne5 0-1

[Event "Junior Online 4NCL Division 4"]
[Site "online"]
[Date "2021.09.02"]
[EventDate "2021.09.02"]
[Round "2.97"]
[White "Ali, Zaki"]
[WhiteElo "1268"]
[WhiteTeam "Wanstead Warriors 2"]
[Black "Raj, Anrudh"]
[BlackElo "1210"]
[BlackTeam "Crowthorne Juniors"]
[Result "1-0"]
[PlyCount "25"]

1. e4 d6 2. d4 f5 3. Nc3 Nf6 4. Bd3 g6 5. e5 dxe5 6. dxe5 Nd5 7. Bc4 Nxc3 8. Bf7+ Kxf7 9. Qxd8 e6 10. Bg5 Ne4 11. Nf3 Bb4+ 12. Bd2 Rxd8 13. Bxb4 1-0

[Event "Junior Online 4NCL Division 4"]
[Site "online"]
[Date "2021.09.02"]
[EventDate "2021.09.02"]
[Round "2.98"]
[White "De Silva, Dylan"]
[WhiteElo "962"]
[WhiteTeam "Crowthorne Juniors"]
[Black "Suresh, Karun"]
[BlackElo "1252"]
[BlackTeam "Wanstead Warriors 2"]
[Result "1-0"]
[PlyCount "39"]

1. e4 e5 2. Nf3 Nf6 3. Nxe5 Nxe4 4. Qe2 d5 5. d3 Nf6 6. Nc6+ Qe7 7. Nxe7 Bxe7 8. Bg5 Bg4 9. Qe5 Nc6 10. Qxc7 Nd4 11. f3 Bf5 12. Qxb7 Rd8 13. Qc7 Bb4+ 14. c3 Nc2+ 15. Kd1 Nxa1 16. cxb4 Bxd3 17. Bxd3 O-O 18. Bxf6 gxf6 19. Qg3+ Kh8 20. Qh3 1-0

[Event "Junior Online 4NCL Division 4"]
[Site "online"]
[Date "2021.09.02"]
[EventDate "2021.09.02"]
[Round "2.102"]
[White "Raja Srinivasan, Kavin"]
[WhiteElo "887"]
[WhiteTeam "Leeds Juniors 5"]
[Black "Sridharan, Rithvik"]
[BlackElo "1316"]
[BlackTeam "Chess Challengers B"]
[Result "1-0"]
[PlyCount "55"]

1. d4 Nf6 2. Bf4 g6 3. Nf3 Bg7 4. Nbd2 d5 5. e3 Nc6 6. Bd3 b6 7. O-O Bb7 8. c3 e6 9. Ne1 O-O 10. Qf3 Qe7 11. Qg3 Rac8 12. Nb3 Nh5 13. Qg4 Nxf4 14. Qxf4 Qf6 15. Qg3 e5 16. dxe5 Nxe5 17. Nf3 Nxd3 18. Rad1 Nxb2 19. Rb1 Na4 20. Nbd4 Nxc3 21. Rb2 Ne4 22. Qh3 c5 23. Ne2 Qxb2 24. Ng3 Nd2 25. Ng5 h5 26. Nxh5 Nxf1 27. Nf6+ Qxf6 28. Qh7# 1-0

[Event "Junior Online 4NCL Division 4"]
[Site "online"]
[Date "2021.09.02"]
[EventDate "2021.09.02"]
[Round "2.103"]
[White "Sharavana, Harshith"]
[WhiteElo "1236"]
[WhiteTeam "Chess Challengers B"]
[Black "RoyChowdhury, Aashita"]
[BlackElo "860"]
[BlackTeam "Leeds Juniors 5"]
[Result "0-1"]
[PlyCount "54"]

1. e4 c6 2. Nf3 d5 3. exd5 cxd5 4. Nc3 Nf6 5. d4 Nc6 6. Bb5 Bf5 7. O-O e6 8. Ne5 Qb6 9. a4 a5 10. Bg5 Be7 11. Bxf6 Bxf6 12. Qh5 O-O 13. Nxc6 bxc6 14. Bd3 Qxb2 15. Ne2 Bxd3 16. cxd3 Bxd4 17. Rab1 Bxf2+ 18. Kxf2 Qf6+ 19. Kg1 Qe7 20. Rf3 Rab8 21. Rbf1 Qc5+ 22. Kh1 f6 23. Rh3 h6 24. Rg3 Rb4 25. Qxh6 Rf7 26. d4 Qc4 27. Nf4 Qxf1# 0-1

[Event "Junior Online 4NCL Division 4"]
[Site "online"]
[Date "2021.09.02"]
[EventDate "2021.09.02"]
[Round "2.104"]
[White "Raja Srinivasan, Pranav"]
[WhiteElo "800"]
[WhiteTeam "Leeds Juniors 5"]
[Black "Pyla, Akhil"]
[BlackElo "1314"]
[BlackTeam "Chess Challengers B"]
[Result "0-1"]
[PlyCount "38"]

1. e4 d5 2. Nc3 dxe4 3. Nxe4 Nc6 4. Bc4 Bf5 5. d3 Bxe4 6. dxe4 Qxd1+ 7. Kxd1 O-O-O+ 8. Bd2 e6 9. Nf3 Nf6 10. Re1 Ng4 11. h3 Nxf2+ 12. Kc1 Bc5 13. Kb1 Rxd2 14. Kc1 Rdd8 15. Nd2 Na5 16. Nb3 Nxc4 17. Nxc5 Na5 18. Re2 b6 19. Na4 Rd1# 0-1

[Event "Junior Online 4NCL Division 4"]
[Site "online"]
[Date "2021.09.02"]
[EventDate "2021.09.02"]
[Round "2.105"]
[White "Owens, Jasper"]
[WhiteElo "900"]
[WhiteTeam "Leeds Juniors 5"]
[Black "Srinivasan, Raghav"]
[BlackElo "1271"]
[BlackTeam "Chess Challengers B"]
[Result "0-1"]
[PlyCount "34"]

1. d4 Nf6 2. Nf3 g6 3. Nc3 Bg7 4. Qd2 d6 5. b3 O-O 6. e3 Nc6 7. Be2 b6 8. O-O Bb7 9. Bb2 e5 10. dxe5 Nxe5 11. Na4 Nxf3+ 12. Bxf3 Bxf3 13. gxf3 Nh5 14. Kh1 Bxb2 15. Rab1 Be5 16. Rg1 Qh4 17. Nc3 Qxh2# 0-1

[Event "Junior Online 4NCL Division 4"]
[Site "online"]
[Date "2021.09.02"]
[EventDate "2021.09.02"]
[Round "2.106"]
[White "Sridharan, Rithvik"]
[WhiteElo "1316"]
[WhiteTeam "Chess Challengers B"]
[Black "Raja Srinivasan, Kavin"]
[BlackElo "887"]
[BlackTeam "Leeds Juniors 5"]
[Result "1-0"]
[PlyCount "29"]

1. e4 e5 2. Nf3 Nc6 3. Nc3 Bc5 4. Bc4 Nge7 5. d3 O-O 6. Be3 Bxe3 7. fxe3 d6 8. O-O Be6 9. Bb3 Bd7 10. Ng5 Nc8 11. Nxf7 Rxf7 12. Bxf7+ Kh8 13. Qh5 g6 14. Bxg6 Kg8 15. Qxh7# 1-0

[Event "Junior Online 4NCL Division 4"]
[Site "online"]
[Date "2021.09.02"]
[EventDate "2021.09.02"]
[Round "2.107"]
[White "RoyChowdhury, Aashita"]
[WhiteElo "860"]
[WhiteTeam "Leeds Juniors 5"]
[Black "Sharavana, Harshith"]
[BlackElo "1236"]
[BlackTeam "Chess Challengers B"]
[Result "0-1"]
[PlyCount "116"]

1. d4 e5 2. dxe5 Bc5 3. Nf3 d6 4. exd6 Ne7 5. dxe7 Bxf2+ 6. Kxf2 Qxd1 7. Be3 Qxc2 8. b3 Qb2 9. Bd4 Qc2 10. Bxg7 Rg8 11. Bf6 Rg6 12. Bh4 Qb2 13. Nbd2 Qxa1 14. a4 Qc3 15. g3 Nc6 16. Bg2 Qc5+ 17. Kf1 Nb4 18. Ne4 Qb6 19. Nf6+ Kxe7 20. Nd5+ Kf8 21. Nxb6 axb6 22. Ne5 Re6 23. Nf3 Nd5 24. Kf2 Nc3 25. e3 Ne4+ 26. Ke2 Nc3+ 27. Kf2 Ra5 28. Rc1 Ne4+ 29. Ke2 Rd5 30. Bh3 Re8 31. Rxc7 Bxh3 32. Rxb7 Nc3+ 33. Kf2 Rd6 34. Rc7 Ne4+ 35. Ke2 Bg4 36. Rc4 Bxf3+ 37. Kxf3 Nd2+ 38. Ke2 Nxc4 39. bxc4 Rde6 40. Bg5 h6 41. Bxh6+ Rxh6 42. h4 Re4 43. Kf3 Rxc4 44. e4 Rxa4 45. Kf4 b5 46. Ke3 b4 47. Kd3 b3 48. Kc3 Ra3 49. Kb2 Rha6 50. h5 Kg7 51. g4 f6 52. Kc3 Kh6 53. Kb2 Kg5 54. Kc3 Rb6 55. Kb2 Ra2+ 56. Kb1 b2 57. Kxa2 b1=Q+ 58. Ka3 Ra6# 0-1

[Event "Junior Online 4NCL Division 4"]
[Site "online"]
[Date "2021.09.02"]
[EventDate "2021.09.02"]
[Round "2.108"]
[White "Pyla, Akhil"]
[WhiteElo "1314"]
[WhiteTeam "Chess Challengers B"]
[Black "Raja Srinivasan, Pranav"]
[BlackElo "800"]
[BlackTeam "Leeds Juniors 5"]
[Result "1-0"]
[PlyCount "47"]

1. e4 c6 2. d4 d5 3. e5 Bf5 4. Nf3 e6 5. Nc3 Nd7 6. Bg5 Be7 7. Bxe7 Nxe7 8. Bd3 c5 9. Bxf5 exf5 10. dxc5 Nxc5 11. O-O O-O 12. Re1 Ng6 13. a3 Qe7 14. b4 Nd7 15. Nxd5 Qe6 16. Nc7 Qe7 17. Nxa8 Rxa8 18. h3 Nh4 19. Nxh4 Qxh4 20. Qxd7 f4 21. Qxb7 Re8 22. Qxa7 Rxe5 23. Qa8+ Re8 24. Rxe8# 1-0